| 000 | 02555nam0a2200373 4500 | ||
|---|---|---|---|
| 001 | RU\NLR\BIBL_A\012789858 | ||
| 005 | 20260405072123.0 | ||
| 010 |
_a978-5-7253-3049-6 _9500 (1-й з-д 1-33) |
||
| 021 |
_aRU _b2022-7858 _9КН-П-635 |
||
| 035 | _a(RuMoRGB)010974391 | ||
| 035 | _a(NLR Aleph) 012789858 | ||
| 090 |
_a13149579 _c13149579 |
||
| 100 | _a20220517d2021 |||y0rusy50 ca | ||
| 101 | 0 | _arus | |
| 102 | _aRU | ||
| 105 | _ay z 000zy | ||
| 181 | 1 |
_ai _b e |
|
| 182 | 1 | _an | |
| 200 | 1 |
_aМатематическое моделирование в бухгалтерском учете, анализе и налогообложении _fС. С. Ованесян _gМинистерство науки и высшего образования Российской Федерации, Байкальский государственный университет |
|
| 203 |
_aТекст _bвизуальный _cнепосредственный |
||
| 205 | _a3-е изд., доп. и перераб | ||
| 210 |
_aИркутск _cИздательский дом БГУ _d2021 |
||
| 215 |
_a158 с. _d21 |
||
| 320 | _aБиблиогр.: с. 156-158 (34 назв.) | ||
| 330 | _aМонография посвящена применению методов математического моделирования в управленческом учете, анализе и налогообложении. В ней приведены способы постановки задач и соответствующие им математические модели. Показаны примеры построения и методы решения задач управленческого учета и анализа, а также актуальные задачи взаимодействия бухгалтерского учета и налогообложения. Для студентов экономических вузов, аспирантов, а также бухгалтеров-практиков | ||
| 606 | 1 |
_aБухгалтерский учет _xМатематические методы _91204668 _3RU\NLR\AUTH\66169812 |
|
| 606 | 1 |
_aНалоговое обложение _xМатематические методы _92266149 _3RU\NLR\AUTH\661358466 |
|
| 686 | 1 | _aУ052.9(2)2в611 | |
| 686 | 1 | _aУ26(2)141.3в611 | |
| 700 | 1 |
_8rus _7ca _aОванесян _bС. С. _gСергей Суренович _3RU\NLR\AUTH\7724837 _97887 |
|
| 942 | _cBOOK | ||
| 980 | _aNB | ||